| 000 | 00624nam a2200229Ia 4500 | ||
|---|---|---|---|
| 003 | OSt | ||
| 005 | 20240601090900.0 | ||
| 008 | 210719s2020 xx 000 0 und d | ||
| 040 | _cAL | ||
| 041 | _aKonkani/Nagari | ||
| 082 | _a891.46301 QUAS | ||
| 100 |
_aQUADROS (Valley) _9151863 _dवल्ली क्वाड्रास |
||
| 245 |
_aSankav _bसंकाव |
||
| 260 |
_aMangaluru _c2020 |
||
| 300 |
_a154 _bPB |
||
| 365 |
_b250 _cRs |
||
| 650 |
_aKonkani Short Stories _9151864 |
||
| 650 |
_aKonkani Literature _9151865 |
||
| 700 |
_aKVADRAS (Valli) Ed; _9168615 |
||
| 906 | _aSankav | ||
| 942 |
_2ddc _cBK |
||
| 999 |
_c211727 _d211727 |
||